| 000 | 00697nam a22001697a 4500 | ||
|---|---|---|---|
| 005 | 20120516110656.0 | ||
| 020 |
_a0195652126 _c325.00 |
||
| 035 | _aB-28143 | ||
| 037 |
_aDPL _bENG |
||
| 100 |
_aGupta, Arindam Das _947160 |
||
| 245 |
_aIncentives and institutional reform in tax enforcement : _bAn analysis of developing country experience / _cby Arindam Das Gupta and Dilip Mookherjee |
||
| 260 |
_aNew Delhi _bOxford University Press _c2000 |
||
| 300 |
_axv, 478p. _c20 cms. |
||
| 700 |
_aMookherjee, Dilip _947161 |
||
| 942 |
_2ddc _cEN _h336.205 _mGUP |
||
| 999 |
_c66696 _d66696 |
||